| 000 | 01256cam a2200229 4500 | ||
|---|---|---|---|
| 001 | WS118316 | ||
| 008 | #DATE n 000 0 eng u | ||
| 035 | _a(Sirsi) u118316 | ||
| 110 |
_aDepartment of Health _9662 |
||
| 245 | _aStatement of fees and allowances payable to general medical pratitioners in England and Wales : 1996 edition prepared under Regulations 34 of the National Health Service (General Medical Services) Regulations 1992, as amended. | ||
| 520 | _aWebsite of the NHS "red book" setting out the remuneration which may be made to general medical practitioners in England and Wales. Part II gives information on the "rent and rates scheme", the purpose of which is to reimburse practitioners the rent and rates of practice accommodation by reference to what each practitioner pays or is deemed to pay. | ||
| 650 | _aDOCTORS | ||
| 650 | _aGENERAL MEDICAL SERVICES | ||
| 650 | _aGENERAL PRACTITIONERS | ||
| 650 | _aMEDICAL PRACTITIONERS | ||
| 650 | _aNATIONAL HEALTH SERVICE | ||
| 650 | _aPROFESSIONAL FEES | ||
| 690 | _aMANAGEMENT-BUSINESS MANAGEMENT-PROFESSIONAL PRACTICE | ||
| 710 |
_aNAFW _93812 |
||
| 856 |
_uhttps://www.redbook.i12.com/rb/Docs/rb2.htm _zView the item free of charge at www.redbook.i12.com... |
||
| 942 | _n0 | ||
| 999 |
_c102131 _d102131 |
||